Las ciudades
Salvato in:
| Autore principale: | |
|---|---|
| Natura: | Libro |
| Lingua: | spagnolo |
| Pubblicazione: |
Barcelona
Labor
1972
|
| Serie: | Nueva Colección Labor, 133
|
| Soggetti: | |
| Tags: |
Aggiungi Tag
Nessun Tag, puoi essere il primo ad aggiungerne!!
|
MARC
| LEADER | 00000nam a2200000 a 4500 | ||
|---|---|---|---|
| 001 | UCU2632 | ||
| 003 | CL-VaPUC | ||
| 008 | 960426e19720000SP |||||||||||||||||spa|d | ||
| 082 | 0 | 4 | |a 711.4 |b CHA |2 21 |
| 100 | 0 | |a Chabot, G |e author |9 358951 | |
| 245 | 1 | 4 | |a Las ciudades |
| 300 | |a 192 p | ||
| 942 | |c BK | ||
| 945 | |d 19960426 00:00:00 |a paguirre | ||
| 260 | |a Barcelona |b Labor |c 1972 | ||
| 650 | 0 | |a Ciudades |9 265474 | |
| 650 | 0 | |a Zonas urbanas |9 337776 | |
| 650 | 0 | |a Urbanización |9 265706 | |
| 650 | 0 | |a Comercio |9 255341 | |
| 650 | 0 | |a Industrias |9 263688 | |
| 650 | 0 | |a Zonas metropolitanas |9 358916 | |
| 650 | 0 | |a Geografía humana |9 267193 | |
| 650 | 0 | |a Poblaciones |9 338556 | |
| 583 | |a last modification |c 19960426 00:00:00 |k Rodrigo Vera | ||
| 490 | 0 | |a Nueva Colección Labor, 133 | |
| 999 | |c 246876 |d 246874 | ||
| 952 | |0 0 |1 0 |4 0 |6 711_400000000000000_CHA_1972 |7 0 |8 A |9 262219 |a BIBING |b BIBING |d 2019-11-19 |i 2018373 |o 711.4 CHA 1972 |p 2018373 |r 2025-01-20 |w 2019-11-19 |y BK |k GEO | ||
| 952 | |0 0 |1 0 |4 0 |6 711_400000000000000_CHA_1972 |7 0 |8 A |9 262220 |a BIBING |b BIBING |d 2019-11-19 |i 2018993 |o 711.4 CHA 1972 |p 2018993 |r 2025-01-20 |w 2019-11-19 |y BK |k GEO | ||